000 00300nam a22001337a 4500
008 170531b xxu||||| |||| 00| 0 eng d
020 _a9780195148244
041 _aeng
080 _a94
100 _a17
101 _aSHH
245 _aTHE DAY WALL STRET EXPLODED A
_cGAGE.B
942 _2udc
_cBK
999 _c15135
_d15135